Online
Catalog

Historia de las Indias / (Record no. 32871)

MARC details
000 -CABECERA
campo de control de longitud fija 01169nam a2200265 a 4500
001 - NÚMERO DE CONTROL
campo de control 000033380
003 - IDENTIFICADOR DEL NÚMERO DE CONTROL
campo de control DO-SdBNP
005 - FECHA Y HORA DE LA ÚLTIMA TRANSACCIÓN
campo de control 20250318152816.0
008 - DATOS DE LONGITUD FIJA--INFORMACIÓN GENERAL
campo de control de longitud fija 101011s1875 dr 000 0 spa d
040 ## - FUENTE DE LA CATALOGACIÓN
Centro catalogador/agencia de origen DO-SdBNP
Lengua de catalogación spa
Centro/agencia transcriptor BNPHU
082 #4 - NÚMERO DE LA CLASIFICACIÓN DECIMAL DEWEY
Número de clasificación 970.016
Número de documento/Ítem C335h
Número de edición 22
100 1# - ENTRADA PRINCIPAL--NOMBRE DE PERSONA
Nombre de persona Casas, Bartolomé de las
9 (RLIN) 46241
Fechas asociadas al nombre 1484-1566.
245 10 - MENCIÓN DE TÍTULO
Título Historia de las Indias /
Mención de responsabilidad, etc. escrita por Fray Bartolomé de las Casas, Obispo de Chiapa ; ahora por primera vez dada á luz por el Marqués de la Fuensanta del Valle y Don José Sancho Rayón.
260 ## - PUBLICACIÓN, DISTRIBUCIÓN, ETC.
Lugar de publicación, distribución, etc. Madrid :
Nombre del editor, distribuidor, etc. Imprenta de Miguel Ginesta,
Fecha de publicación, distribución, etc. 1875.
300 ## - DESCRIPCIÓN FÍSICA
Extensión 5v. ;
Dimensiones 22 cm.
500 ## - NOTA GENERAL
Nota general La biblioteca posee v,1- v.3, v.5
600 #0 - PUNTO DE ACCESO ADICIONAL DE MATERIA--NOMBRE DE PERSONA
Nombre de persona COLÓN, CRISTOBAL,
Fechas asociadas al nombre 1436-1456
9 (RLIN) 19795
650 #4 - PUNTO DE ACCESO ADICIONAL DE MATERIA--TÉRMINO DE MATERIA
Término de materia o nombre geográfico como elemento de entrada Trato a los indígenas
Subdivisión geográfica América Latina
9 (RLIN) 18560
651 #4 - PUNTO DE ACCESO ADICIONAL DE MATERIA--NOMBRE GEOGRÁFICO
Nombre geográfico América --
Subdivisión general Descubrimiento y exploración --
-- Españoles
9 (RLIN) 544
Subdivisión de forma Ensayo, conferencias, etc.
651 #4 - PUNTO DE ACCESO ADICIONAL DE MATERIA--NOMBRE GEOGRÁFICO
Nombre geográfico España
Subdivisión general Colonias
-- América
9 (RLIN) 830
700 12 - PUNTO DE ACCESO ADICIONAL--NOMBRE DE PERSONA
Nombre de persona Fuensanta del Valle, Feliciano Ramírez de Arellano
Títulos y otros términos asociados al nombre Marqués de la,
Fechas asociadas al nombre 1826-1896.
9 (RLIN) 58955
700 12 - PUNTO DE ACCESO ADICIONAL--NOMBRE DE PERSONA
Nombre de persona Sancho Rayón, José,
Fechas asociadas al nombre 1830-1900.
9 (RLIN) 58956
910 ## - DATOS DE OPCIÓN DEL USUARIO (OCLC)
Datos de opción del usuario Validado. Control de calidad MFF
942 ## - ELEMENTOS DE PUNTO DE ACCESO ADICIONAL (KOHA)
Fuente del sistema de clasificación o colocación Dewey Decimal Classification
Tipo de ítem Koha Libro
Holdings
Estado de retiro Estado de pérdida Fuente del sistema de clasificación o colocación Restricciones de uso No para préstamo Código de colección Localización permanente Ubicación/localización actual Ubicación en estantería Fecha de adquisición Número de inventario Total de préstamos Signatura topográfica completa Código de barras Fecha visto por última vez Número de copia Precio válido a partir de Tipo de ítem Koha Nota pública
    Dewey Decimal Classification Excluido de préstamo Excluido de préstamo Raros y valiosos Biblioteca Nacional Pedro Henríquez Ureña Patrimonio Dominicano Depósito 25.08.2011 LF1   BNPHU PD-RV 970.016 C335h 1875 33380-10 25.06.2020 v.1 25.06.2020 Libro Perteneció a la biblioteca personal de Julio Ortega Frier
    Dewey Decimal Classification Excluido de préstamo Préstamo restrigido Raros y valiosos Patrimonio Dominicano Patrimonio Dominicano Depósito 13.09.2011 LF1   BNPHU PD-RV 970.016 C335h 1875 33380-20 25.06.2020 v.2 25.06.2020 Libro  
    Dewey Decimal Classification Excluido de préstamo Excluido de préstamo Raros y valiosos Biblioteca Nacional Pedro Henríquez Ureña Patrimonio Dominicano Depósito 13.09.2011 LF1   BNPHU 970.016 C335h 1875 33380-30 25.06.2020 v.3 25.06.2020 Libro Perteneció a la biblioteca personal de Julio Ortega Frier
    Dewey Decimal Classification Excluido de préstamo Excluido de préstamo Raros y valiosos Biblioteca Nacional Pedro Henríquez Ureña Patrimonio Dominicano Depósito 13.09.2011 LF1   BNPHU PD-RV 970.016 C335h 1875 33380-40 25.06.2020 v.4 25.06.2020 Libro  
  Extraviado Dewey Decimal Classification   Excluido de préstamo Raros y valiosos Patrimonio Dominicano Patrimonio Dominicano Extraviado 13.09.2011 LF1   BNPHU PD-RV 970.016 C335h 1875 33380-50 25.06.2020 v.5 25.06.2020 Libro Perteneció a la biblioteca personal de Julio Ortega Frier

Powered by Koha